000 01481cam a2200301 a 4500
001 2199
005 20231110081639.0
020 _a9781434218834
020 _a9781434222633
040 _aDLC
_cDLC
_dDLC
_beng
050 0 0 _aPZ7.D15134
_bTr 2010
082 0 0 _a813.54
_222
100 1 _aDahl, Michael
245 1 0 _aTrial of the Amazons /
_cwritten by Michael Dahl ; illustrated by Dan Schoening Wonder Woman created by William Moulton marston
260 _aMankato :
_bStone Arch Books,
_c2010
300 _a48 pages :
_billustrations
_c19 cm
490 0 _aDC super heroes. Wonder Woman
500 _a"Wonder Woman created by William Moulton Marston."
505 _aK
520 _aWhen a fighter jet crashes on Paradise Island, young Princess Diana asks her mother, Queen Hippolyta, for permission to enter the world of mortals. The queen thinks Diana's request is a good one. She holds a special competition, a test of skill and bravery, to determine which Amazonian will be permitted to go. But Diana, as a royal princess, is denied from entering the trials! Against her mother's wishes, and behind the disguise of a mask, the princess sets out to prove the she is indeed the best of them--that she alone is a Wonder Woman.
521 1 _a590
_bLexile
521 0 _aK
_bRaz-Plus
650 1 _aSuperheroes
_vFiction.
650 1 _aAmazons
_vFiction.
700 1 _aSchoening, Dan
_eillustrator
906 _a7
_bcbc
_corignew
_d1
_eecip
_f20
_gy-gencatlg
942 _2ddc
_cBK
_n0
999 _c2199
_d2199